[Event "Championnat de France - Accession Femini"]
[Site "Belfort - SNPHHUATVS"]
[Date "2010.??.??"]
[Round "1.1"]
[White "Choisy, Mathilde"]
[Black "Haussernot, Cecile"]
[Result "1-0"]
[WhiteElo "2168"]
[BlackElo "1992"]
[PlyCount "55"]

1. e4 c5 2. b3 d6 3. Bb2 Nc6 4. f4 e6 5. Nf3 Nf6 6. Nc3 Be7 7. Qe2 O-O 8. O-O-O
Bd7 9. g4 Nd4 10. Qg2 Bc6 11. d3 b5 12. g5 Nd7 13. h4 a5 14. h5 a4 15. Ne2 e5
16. Nexd4 cxd4 17. f5 d5 18. f6 Bb4 19. fxg7 Re8 20. g6 Be7 21. gxh7+ Kxh7 22.
Qg4 axb3 23. axb3 Ra2 24. Qf5+ Kg8 25. h6 dxe4 26. Rg1 Nf6 27. Nxe5 Qd6 28. h7+
1-0

[Event "Championnat de France - Accession Femini"]
[Site "Belfort - SNPHHUATVS"]
[Date "2010.??.??"]
[Round "1.1"]
[White "Benmesbah, Natacha"]
[Black "Sasu-Ducsoara, Andreea-Teodora"]
[Result "1/2-1/2"]
[WhiteElo "2165"]
[BlackElo "2227"]
[PlyCount "55"]

1. e4 c5 2. Nf3 Nf6 3. Nc3 Nc6 4. d4 d5 5. exd5 Nxd5 6. Nxd5 Qxd5 7. Be3 cxd4
8. Nxd4 Nxd4 9. Qxd4 Qxd4 10. Bxd4 Bd7 11. Bc4 e6 12. O-O a6 13. f4 Rc8 14. Bb3
Bc5 15. Rad1 Bb5 16. c4 Bxd4+ 17. Rxd4 Bc6 18. Rfd1 Ke7 19. Bc2 Rhd8 20. b4
Rxd4 21. Rxd4 a5 22. a3 axb4 23. axb4 Ra8 24. Be4 Bxe4 25. Rxe4 Ra2 26. Re5 Kd6
27. Rb5 Kc6 28. Rc5+ 1/2-1/2

[Event "Championnat de France - Accession Femini"]
[Site "Belfort - SNPHHUATVS"]
[Date "2010.??.??"]
[Round "1.1"]
[White "Bonvalot, Isabelle"]
[Black "Armas, Lara-Maria"]
[Result "0-1"]
[WhiteElo "1952"]
[BlackElo "1988"]
[PlyCount "130"]

1. e4 c5 2. c3 d5 3. exd5 Qxd5 4. d4 Nf6 5. Nf3 Nc6 6. Be2 cxd4 7. cxd4 e6 8.
O-O Be7 9. Nc3 Qd8 10. a3 O-O 11. Bb5 Qc7 12. Re1 Rd8 13. Bxc6 Qxc6 14. Ne5 Qb6
15. Nf3 Bd7 16. Qe2 Bc6 17. Ne5 Qxd4 18. Nxc6 bxc6 19. Be3 Qd3 20. Qf3 Nd5 21.
Red1 Qc2 22. Rd2 Qb3 23. Bd4 Nxc3 24. bxc3 Qd5 25. Qg3 Qg5 26. Rb2 Qxg3 27.
hxg3 Rd7 28. a4 Rad8 29. Kf1 c5 30. Be3 Bf6 31. Rb3 c4 32. Rba3 a6 33. Ke2 Rd3
34. Rc1 Rb8 35. Rc2 Kf8 36. Bc5+ Ke8 37. a5 Rc8 38. Bb4 Bg5 39. Raa2 e5 40.
Rab2 Rb8 41. Rb1 Kd7 42. Rd1 e4 43. Re1 f5 44. Rh1 h6 45. Re1 Kc6 46. Rb2 Rb5
47. Rc2 Rbd5 48. f4 Rxg3 49. Kf2 Bxf4 50. Ra1 e3+ 51. Kg1 Rd2 52. Rxd2 exd2 53.
Kf2 Rd3 54. Rd1 Kb5 55. Ke2 g6 56. Rf1 d1=Q+ 57. Rxd1 Rxd1 58. Kxd1 Bc7 59. Bf8
Bxa5 60. Kd2 h5 61. Bg7 Bd8 62. Ke3 Bg5+ 63. Kd4 a5 64. Be5 a4 65. Bd6 Bc1 0-1

[Event "Championnat de France - Accession Femini"]
[Site "Belfort - SNPHHUATVS"]
[Date "2010.??.??"]
[Round "1.1"]
[White "Vinckier, Delphine"]
[Black "Gertosio-Serena, Sophie"]
[Result "1-0"]
[WhiteElo "1830"]
[BlackElo "1810"]
[PlyCount "61"]

1. e4 d5 2. exd5 Nf6 3. Bb5+ Bd7 4. Be2 Nxd5 5. Nc3 Nf6 6. d4 c6 7. Nf3 Bg4 8.
Be3 e6 9. h3 Bxf3 10. Bxf3 Bd6 11. Qd3 Nbd7 12. g4 Qa5 13. O-O-O a6 14. Kb1 Rc8
15. g5 Nd5 16. Ne4 Bb8 17. Bd2 Qb6 18. c4 Nf4 19. Qa3 c5 20. dxc5 Qd8 21. Nd6+
Bxd6 22. cxd6 Rxc4 23. Bxb7 Ng6 24. Qxa6 Rh4 25. Ba5 Ra4 26. Bxd8 Rxa6 27. Bxa6
Kxd8 28. Rc1 Nde5 29. Rc7 h6 30. Rhc1 hxg5 31. Ra7 1-0

[Event "Championnat de France - Accession Femini"]
[Site "Belfort - SNPHHUATVS"]
[Date "2010.??.??"]
[Round "1.1"]
[White "Neuhauser, Salome"]
[Black "Griggio, Julie"]
[Result "1/2-1/2"]
[WhiteElo "2054"]
[BlackElo "1795"]
[PlyCount "121"]

1. e4 e6 2. d3 d5 3. Nd2 c5 4. g3 Nc6 5. Bg2 Nf6 6. Ngf3 Be7 7. O-O O-O 8. Re1
Qc7 9. Qe2 Nb4 10. Nf1 c4 11. a3 cxd3 12. cxd3 dxe4 13. dxe4 Nc6 14. b4 Rd8 15.
Bb2 a6 16. Rac1 Qd7 17. N1d2 b5 18. Bxf6 Bxf6 19. e5 Be7 20. Rxc6 Qxc6 21. Nd4
Qd7 22. Bxa8 Qxd4 23. Nb3 Qc3 24. Rb1 Qd3 25. Qa2 Bd7 26. Bb7 Bc8 27. Bg2 Qc3
28. Na5 Rd3 29. Qb3 Qd4 30. Qc2 Rc3 31. Qb2 Qd3 32. Bf1 Qc2 33. Qxc2 Rxc2 34.
Bg2 Rc3 35. Nc6 Bf8 36. Na5 Rxa3 37. Rc1 Bd7 38. Rd1 Bxb4 39. Nb7 Be8 40. Rd8
Ra1+ 41. Bf1 Kf8 42. Nd6 Bxd6 43. exd6 Rd1 44. Kg2 f6 45. Be2 Rd2 46. Bf3 Kf7
47. Bb7 a5 48. Kf1 a4 49. Ke1 Rd4 50. Ke2 b4 51. Ke3 e5 52. f4 b3 53. Bc8 a3
54. f5 b2 55. Be6+ Kf8 56. Ba2 Rd1 57. Ke2 Rd4 58. Bb1 Kf7 59. Ba2+ Kf8 60. Bb1
h6 61. h3 1/2-1/2

[Event "Championnat de France - Accession Femini"]
[Site "Belfort - SNPHHUATVS"]
[Date "2010.??.??"]
[Round "1.1"]
[White "Rigolot, Lucie"]
[Black "Bismuth, Lea"]
[Result "1-0"]
[WhiteElo "1902"]
[BlackElo "1935"]
[PlyCount "53"]

1. e4 d5 2. exd5 Qxd5 3. Nc3 Qd6 4. d4 Nf6 5. Nge2 Nc6 6. Bf4 e5 7. dxe5 Nxe5
8. Qxd6 Bxd6 9. Nb5 Nd5 10. Nxd6+ cxd6 11. O-O-O Be6 12. Bg3 Rc8 13. Nd4 Ke7
14. Kb1 Rhd8 15. f4 Ne3 16. Re1 Nxf1 17. Rhxf1 Nc4 18. Bh4+ Kf8 19. f5 Bd7 20.
Bxd8 Rxd8 21. Kc1 Ne5 22. h3 Rc8 23. Kd1 Rc4 24. Nf3 Bxf5 25. Nxe5 Bxc2+ 26.
Kd2 dxe5 27. Rc1 1-0

[Event "Championnat de France - Accession Femini"]
[Site "Belfort - SNPHHUATVS"]
[Date "2010.??.??"]
[Round "2.1"]
[White "Gertosio-Serena, Sophie"]
[Black "Sasu-Ducsoara, Andreea-Teodora"]
[Result "0-1"]
[WhiteElo "1810"]
[BlackElo "2227"]
[PlyCount "60"]

1. f4 g6 2. e3 Bg7 3. d4 c5 4. c3 Qc7 5. Nf3 Nf6 6. Bd3 d6 7. Nbd2 Nc6 8. a3
Bd7 9. O-O O-O-O 10. Ne4 Nxe4 11. Bxe4 f5 12. Bd5 e5 13. b4 exd4 14. cxd4 Kb8
15. Rb1 Ne7 16. Ba2 c4 17. Bd2 Rhe8 18. Rc1 b5 19. Re1 Bc6 20. Bc3 Nd5 21. Kf2
h6 22. Bb1 Re6 23. Nd2 Qe7 24. Nf1 Re8 25. Qf3 Nxb4 26. Qd1 Nd5 27. Ba2 Nxe3
28. Nxe3 Rxe3 29. Rb1 Rxe1 30. Bxe1 Qe3+ 0-1

[Event "Championnat de France - Accession Femini"]
[Site "Belfort - SNPHHUATVS"]
[Date "2010.??.??"]
[Round "2.2"]
[White "Haussernot, Cecile"]
[Black "Benmesbah, Natacha"]
[Result "1-0"]
[WhiteElo "1992"]
[BlackElo "2165"]
[PlyCount "67"]

1. e4 c5 2. Nc3 Nc6 3. g3 g6 4. Bg2 Bg7 5. d3 Rb8 6. f4 b5 7. Nf3 d6 8. O-O Nf6
9. h3 Nd4 10. g4 b4 11. Ne2 Nxf3+ 12. Rxf3 Nd7 13. f5 Ne5 14. Rf1 e6 15. Be3 a5
16. Qd2 a4 17. Ng3 a3 18. Bh6 axb2 19. Bxg7 bxa1=Q 20. Rxa1 Rg8 21. Qh6 Qb6 22.
Qxh7 c4+ 23. Kh2 Rxg7 24. Qxg7 gxf5 25. gxf5 cxd3 26. cxd3 exf5 27. Nh5 Be6 28.
Nf6+ Kd8 29. Qf8+ Kc7 30. Qe7+ Nd7 31. Rc1+ Qc5 32. Rxc5+ dxc5 33. exf5 Bxa2
34. Qxd7+ 1-0

[Event "Championnat de France - Accession Femini"]
[Site "Belfort - SNPHHUATVS"]
[Date "2010.??.??"]
[Round "2.3"]
[White "Bismuth, Lea"]
[Black "Choisy, Mathilde"]
[Result "0-1"]
[WhiteElo "1935"]
[BlackElo "2168"]
[PlyCount "86"]

1. d4 g6 2. e4 Bg7 3. c3 d6 4. Nf3 Nf6 5. Bd3 O-O 6. O-O Nbd7 7. h3 e5 8. Be3
Re8 9. Nbd2 a6 10. Qb3 c5 11. Ng5 Rf8 12. Bc4 Qe7 13. Ndf3 b5 14. Bxf7+ Rxf7
15. Nxf7 Qxf7 16. Qc2 Bb7 17. d5 h6 18. a4 bxa4 19. Qxa4 Nb6 20. Qb3 Qc7 21.
Nd2 Nfd7 22. Qd1 Kh7 23. Qe2 a5 24. Rfc1 Ba6 25. c4 Bc8 26. Nb1 Nf6 27. Nc3 Ba6
28. b3 a4 29. Nxa4 Nxe4 30. Qg4 Nf6 31. Qh4 Bc8 32. f3 Nxa4 33. Rxa4 Rxa4 34.
bxa4 Qe7 35. Qe1 e4 36. Bf4 Nh5 37. Bh2 Bd4+ 38. Kh1 e3 39. Rb1 e2 40. Bg1 Bf5
41. Bxd4 Bxb1 42. Bf2 Bd3 43. Qc1 Bxc4 0-1

[Event "Championnat de France - Accession Femini"]
[Site "Belfort - SNPHHUATVS"]
[Date "2010.??.??"]
[Round "2.4"]
[White "Griggio, Julie"]
[Black "Rigolot, Lucie"]
[Result "0-1"]
[WhiteElo "1795"]
[BlackElo "1902"]
[PlyCount "92"]

1. e4 c5 2. Nf3 d6 3. c3 Nf6 4. h3 Nc6 5. Bd3 d5 6. e5 c4 7. Bc2 Nd7 8. Qe2 g5
9. O-O Bg7 10. e6 fxe6 11. Nxg5 Nde5 12. f4 Bh6 13. b3 O-O 14. h4 Bxg5 15. hxg5
cxb3 16. axb3 Nf7 17. d4 Nd6 18. Nd2 Qc7 19. g3 Nxd4 20. cxd4 Qxc2 21. Qe3 Nf5
22. Qf2 Qc3 23. Ra3 Qxd4 24. Qxd4 Nxd4 25. Bb2 Nc6 26. Nf3 Bd7 27. Ne5 Rfd8 28.
Nxc6 Bxc6 29. Bd4 a6 30. Re1 Kf7 31. b4 Rac8 32. Rae3 Bd7 33. Rc3 Rxc3 34. Bxc3
Rc8 35. Rc1 d4 36. Bd2 Rxc1+ 37. Bxc1 e5 38. fxe5 Ke6 39. Bf4 b6 40. Kf2 a5 41.
bxa5 bxa5 42. Ke2 a4 43. Kd2 Kd5 44. Kc2 Kc4 45. Bc1 Bf5+ 46. Kd1 Kb3 0-1

[Event "Championnat de France - Accession Femini"]
[Site "Belfort - SNPHHUATVS"]
[Date "2010.??.??"]
[Round "2.5"]
[White "Armas, Lara-Maria"]
[Black "Neuhauser, Salome"]
[Result "1/2-1/2"]
[WhiteElo "1988"]
[BlackElo "2054"]
[PlyCount "86"]

1. d4 Nf6 2. c4 e6 3. Nc3 Bb4 4. Qc2 Nc6 5. Nf3 d6 6. a3 Bxc3+ 7. Qxc3 Qe7 8.
b4 a5 9. b5 Nb8 10. g3 b6 11. Bg2 Bb7 12. O-O Nbd7 13. Bb2 O-O 14. a4 Rfe8 15.
Nd2 Bxg2 16. Kxg2 e5 17. Nb3 Qe6 18. e3 Ne4 19. Qc2 Ng5 20. f3 e4 21. f4 Qh3+
22. Kh1 Nf3 23. Qg2 Qh5 24. Nd2 Nxd2 25. Qxd2 Nf6 26. d5 Nd7 27. Bd4 f6 28. Ra2
Rf8 29. Qe2 Qg6 30. Qc2 Rae8 31. Qb1 Qh5 32. Qd1 Qh3 33. Qe2 Ne5 34. Bxe5 fxe5
35. Qg2 Qxg2+ 36. Kxg2 exf4 37. Rxf4 Rxf4 38. gxf4 Kf7 39. Kg3 Kf6 40. Kg4 Kg6
41. h4 Kf6 42. Rg2 g6 43. Kh3 Re7 1/2-1/2

[Event "Championnat de France - Accession Femini"]
[Site "Belfort - SNPHHUATVS"]
[Date "2010.??.??"]
[Round "2.6"]
[White "Vinckier, Delphine"]
[Black "Bonvalot, Isabelle"]
[Result "0-1"]
[WhiteElo "1830"]
[BlackElo "1952"]
[PlyCount "106"]

1. e4 g6 2. d4 Bg7 3. Nc3 d6 4. Be3 c6 5. Qd2 a5 6. h4 h5 7. Nh3 b5 8. a3 Nd7
9. d5 cxd5 10. Qxd5 Rb8 11. Ng5 Nh6 12. Bxb5 O-O 13. a4 Ng4 14. Qd2 Nxe3 15.
Qxe3 Ne5 16. O-O Bd7 17. Qe2 Bxb5 18. Nxb5 Qb6 19. c3 Rfc8 20. Rab1 Ng4 21. Qf3
Bf6 22. Qf4 Rc5 23. Qd2 Rd8 24. Nf3 Rc4 25. Nfd4 Bxh4 26. b3 Rcc8 27. g3 Bf6
28. Kg2 d5 29. f3 Ne5 30. f4 Ng4 31. e5 Bg7 32. Rbe1 e6 33. Qd3 Bf8 34. Rh1 Be7
35. Rhf1 Kg7 36. Rh1 Rh8 37. Qf3 Nh6 38. Qe3 Qc5 39. Re2 Ng4 40. Qf3 Qb6 41.
Ree1 Bc5 42. Rd1 Nh6 43. Qe2 Bxd4 44. Rxd4 Nf5 45. Rd3 Qb7 46. Qf3 Qb6 47. Qe2
h4 48. gxh4 Nxh4+ 49. Kf1 Nf5 50. Rxh8 Rxh8 51. Kg2 Rh4 52. Qf1 Ne3+ 53. Rxe3
Qxe3 0-1

[Event "Championnat de France - Accession Femini"]
[Site "Belfort - SNPHHUATVS"]
[Date "2010.??.??"]
[Round "3.1"]
[White "Bonvalot, Isabelle"]
[Black "Gertosio-Serena, Sophie"]
[Result "1/2-1/2"]
[WhiteElo "1952"]
[BlackElo "1810"]
[PlyCount "95"]

1. e4 Nf6 2. e5 Nd5 3. d4 d6 4. Nf3 Bg4 5. Be2 e6 6. O-O Nc6 7. Bb5 dxe5 8.
Bxc6+ bxc6 9. dxe5 Be7 10. Nbd2 O-O 11. c3 Nb6 12. Qe2 Qd5 13. c4 Bxf3 14. gxf3
Qd4 15. Qe3 Rfd8 16. Qxd4 Rxd4 17. b3 Nd7 18. Re1 Bb4 19. Re2 Rd8 20. Nf1 Bc3
21. Rb1 Rd1 22. f4 Nf8 23. Kg2 Ng6 24. Re4 Nh4+ 25. Kg3 Rxf1 26. Kxh4 Rdd1 27.
Bb2 Rxb1 28. Bxc3 c5 29. Re2 Kf8 30. Bb2 Ke8 31. Ba3 Rfd1 32. Bxc5 a6 33. Bb4
Kd7 34. Bf8 Rd4 35. Kg3 g6 36. Bc5 Rd3+ 37. Be3 Rbd1 38. Kg2 Kc6 39. Rb2 Rc3
40. Bd2 Rd3 41. Be3 Rc3 42. Bd2 Rd3 43. Be3 Rc3 44. h3 Rcd3 45. b4 Ra3 46. b5+
axb5 47. cxb5+ Kb7 48. Bc5 1/2-1/2

[Event "Championnat de France - Accession Femini"]
[Site "Belfort - SNPHHUATVS"]
[Date "2010.??.??"]
[Round "3.2"]
[White "Neuhauser, Salome"]
[Black "Vinckier, Delphine"]
[Result "1-0"]
[WhiteElo "2054"]
[BlackElo "1830"]
[PlyCount "75"]

1. e4 e5 2. Bc4 Nc6 3. d3 Nf6 4. Nc3 Na5 5. Nge2 Nxc4 6. dxc4 b6 7. f3 Ba6 8.
b3 Bb4 9. Bg5 h6 10. Bh4 c6 11. O-O g5 12. Be1 Nh5 13. a3 Be7 14. Qd2 Nf4 15.
Bf2 h5 16. Ng3 d6 17. Nf5 Bc8 18. Nxe7 Qxe7 19. Rfd1 Rh6 20. b4 Bb7 21. a4 a5
22. bxa5 bxa5 23. Rab1 Kf8 24. Rb6 Kg7 25. Rdb1 Ra7 26. Nd1 Rh8 27. Ne3 Kg6 28.
Nf5 Qd7 29. Qxd6+ Qxd6 30. Nxd6 Ba8 31. Rb8 Rxb8 32. Rxb8 Rd7 33. c5 Ra7 34.
Kf1 Ne6 35. g3 Kg7 36. Nf5+ Kf6 37. Rh8 g4 38. Rh6+ 1-0

[Event "Championnat de France - Accession Femini"]
[Site "Belfort - SNPHHUATVS"]
[Date "2010.??.??"]
[Round "3.3"]
[White "Rigolot, Lucie"]
[Black "Armas, Lara-Maria"]
[Result "1/2-1/2"]
[WhiteElo "1902"]
[BlackElo "1988"]
[PlyCount "151"]

1. e4 c5 2. Nf3 d6 3. d4 cxd4 4. Nxd4 Nf6 5. Nc3 a6 6. Bc4 e6 7. Bb3 b5 8. O-O
Be7 9. Re1 O-O 10. Bg5 h6 11. Bh4 Qb6 12. Kh1 Bb7 13. f3 Nbd7 14. Bf2 Rfe8 15.
Qd2 Qc7 16. g4 b4 17. Nd1 d5 18. Bg3 Bd6 19. Bxd6 Qxd6 20. exd5 Nxd5 21. Ne3
N7b6 22. Rad1 Rad8 23. Qf2 Qf4 24. Ng2 Qc7 25. Qg3 a5 26. a4 bxa3 27. bxa3 a4
28. Qxc7 Nxc7 29. Ba2 e5 30. Rb1 exd4 31. Rxe8+ Rxe8 32. Rxb6 Bxf3 33. Kg1 Re2
34. Nh4 Bxg4 35. Bc4 Re7 36. Ng6 Re8 37. Rb7 Be6 38. Bxe6 Nxe6 39. Ne5 f6 40.
Nf3 Rd8 41. Rb6 Kf7 42. Ne1 f5 43. Rb7+ Kf6 44. Ra7 Nc5 45. Nd3 Rc8 46. Nf4 Ke5
47. Ng6+ Kf6 48. Nf4 Kg5 49. Nd5 Ne6 50. Nb4 Kf4 51. Rxa4 Kf3 52. Ra5 Rc5 53.
Ra7 g5 54. Nd3 Rb5 55. Ne1+ Ke2 56. Nd3 Rb1+ 57. Kg2 f4 58. Rf7 Kd2 59. Rf6 Ng7
60. Nb4 Ra1 61. Rxh6 Nf5 62. Rf6 Ne3+ 63. Kf3 Rxa3 64. Ke4 Ra4 65. Nd3 Nxc2 66.
h4 Ra3 67. hxg5 Rxd3 68. Kxf4 Ne3 69. Rd6 Nc4 70. Rd8 Kc3 71. g6 Rd1 72. g7 Rg1
73. g8=Q Rxg8 74. Rxg8 d3 75. Rd8 d2 76. Rxd2 1/2-1/2

[Event "Championnat de France - Accession Femini"]
[Site "Belfort - SNPHHUATVS"]
[Date "2010.??.??"]
[Round "3.4"]
[White "Choisy, Mathilde"]
[Black "Griggio, Julie"]
[Result "1-0"]
[WhiteElo "2168"]
[BlackElo "1795"]
[PlyCount "41"]

1. d4 Nf6 2. c4 g6 3. Nc3 Bg7 4. e4 d6 5. Nf3 O-O 6. Be2 Nbd7 7. O-O e5 8. d5
Nc5 9. Qc2 a5 10. Bg5 h6 11. Be3 b6 12. Nd2 Ng4 13. Bxg4 Bxg4 14. f3 Bd7 15. b3
f5 16. a3 f4 17. Bf2 g5 18. b4 Nb7 19. c5 bxc5 20. bxc5 c6 21. Qb3 1-0

[Event "Championnat de France - Accession Femini"]
[Site "Belfort - SNPHHUATVS"]
[Date "2010.??.??"]
[Round "3.5"]
[White "Benmesbah, Natacha"]
[Black "Bismuth, Lea"]
[Result "1-0"]
[WhiteElo "2165"]
[BlackElo "1935"]
[PlyCount "47"]

1. e4 e5 2. Nf3 Nc6 3. Bc4 Nf6 4. d3 d5 5. exd5 Nxd5 6. Qe2 Bg4 7. h3 Bxf3 8.
Qxf3 Nf6 9. c3 Be7 10. O-O O-O 11. Re1 Nd7 12. Nd2 Nb6 13. Bb3 Qd7 14. a4 Rad8
15. a5 Nd5 16. Nc4 Bf6 17. Ba4 Rfe8 18. a6 Nb6 19. Nxb6 axb6 20. axb7 Re6 21.
Bxc6 Qxc6 22. Qxc6 Rxc6 23. Ra8 Rxa8 24. bxa8=Q+ 1-0

[Event "Championnat de France - Accession Femini"]
[Site "Belfort - SNPHHUATVS"]
[Date "2010.??.??"]
[Round "3.6"]
[White "Sasu-Ducsoara, Andreea-Teodora"]
[Black "Haussernot, Cecile"]
[Result "1-0"]
[WhiteElo "2227"]
[BlackElo "1992"]
[PlyCount "115"]

1. e4 c5 2. Nf3 d6 3. Bb5+ Bd7 4. Bxd7+ Qxd7 5. c4 Nf6 6. Nc3 g6 7. O-O Bg7 8.
d4 cxd4 9. Nxd4 O-O 10. h3 Rc8 11. b3 d5 12. exd5 Nxd5 13. Nxd5 e6 14. Bh6 exd5
15. Bxg7 Kxg7 16. cxd5 Qxd5 17. Qg4 Nc6 18. Rad1 Rd8 19. Nxc6 Qxc6 20. Rc1 Qb6
21. Rfe1 Rd2 22. Qf3 Qf6 23. Qxf6+ Kxf6 24. Rc7 Rxa2 25. Ree7 Rf8 26. Rxb7 a5
27. Ra7 Kg7 28. g4 Kg8 29. Reb7 Rd8 30. Rxf7 Rb2 31. Rg7+ Kh8 32. Rxh7+ Kg8 33.
Rhg7+ Kh8 34. Rh7+ Kg8 35. Rhg7+ Kh8 36. Rxg6 Rxb3 37. Rh6+ Kg8 38. Rxa5 Kg7
39. Rhh5 Rdd3 40. Kg2 Rb2 41. Ra7+ Kg6 42. Rf5 Rb1 43. h4 Rdd1 44. h5+ Kh6 45.
Ra6+ Kh7 46. g5 Rg1+ 47. Kf3 Rb3+ 48. Kf4 Rb4+ 49. Ke5 Re1+ 50. Kf6 Rb8 51.
Ra7+ Kg8 52. g6 Rf8+ 53. Rf7 Rfe8 54. Kg5 Rg1+ 55. Kh6 Rg2 56. Rg7+ Kh8 57.
Rh7+ Kg8 58. Rff7 1-0

[Event "Championnat de France - Accession Femini"]
[Site "Belfort - SNPHHUATVS"]
[Date "2010.??.??"]
[Round "4.1"]
[White "Gertosio-Serena, Sophie"]
[Black "Haussernot, Cecile"]
[Result "0-1"]
[WhiteElo "1810"]
[BlackElo "1992"]
[PlyCount "62"]

1. e4 c5 2. b4 cxb4 3. a3 b3 4. cxb3 e6 5. Nc3 Nc6 6. Nf3 d5 7. exd5 exd5 8. d4
Nf6 9. Be2 Be7 10. O-O O-O 11. Bf4 Bf5 12. b4 a6 13. Rc1 Rc8 14. Re1 b5 15. h3
Ne4 16. Bd3 Nxc3 17. Rxc3 Bxd3 18. Qxd3 Bf6 19. Be3 Qd7 20. Rec1 Ne7 21. Rc5
Rxc5 22. dxc5 Nc6 23. Rd1 Rd8 24. Nd4 Ne5 25. Qe2 Re8 26. Qc2 Nc4 27. Bc1 a5
28. Kf1 Qc7 29. Kg1 Bxd4 30. g3 Qxg3+ 31. Kf1 Qh2 0-1

[Event "Championnat de France - Accession Femini"]
[Site "Belfort - SNPHHUATVS"]
[Date "2010.??.??"]
[Round "4.2"]
[White "Bismuth, Lea"]
[Black "Sasu-Ducsoara, Andreea-Teodora"]
[Result "0-1"]
[WhiteElo "1935"]
[BlackElo "2227"]
[PlyCount "64"]

1. e4 c5 2. Nc3 a6 3. a4 b6 4. Bc4 Bb7 5. Nf3 e6 6. d3 d6 7. O-O Be7 8. Ne2 Qc7
9. Ng3 Nf6 10. Qe1 Nc6 11. c3 O-O 12. Ba2 b5 13. Bd2 bxa4 14. Bb1 Qb6 15. Qc1
Na5 16. Rxa4 Bc6 17. Ra2 Nb3 18. Qc2 a5 19. Bg5 h6 20. Bxf6 Bxf6 21. d4 g6 22.
e5 Bg7 23. Ne4 cxd4 24. cxd4 dxe5 25. dxe5 Rfc8 26. Nd6 Rc7 27. Qe2 Rd8 28. Rd1
Bxf3 29. gxf3 Nc1 30. Qe4 Nxa2 31. Bxa2 Qxb2 32. Bc4 Qxe5 0-1

[Event "Championnat de France - Accession Femini"]
[Site "Belfort - SNPHHUATVS"]
[Date "2010.??.??"]
[Round "4.3"]
[White "Griggio, Julie"]
[Black "Benmesbah, Natacha"]
[Result "0-1"]
[WhiteElo "1795"]
[BlackElo "2165"]
[PlyCount "64"]

1. e4 c5 2. Nf3 d6 3. c3 Nf6 4. h3 e6 5. Bd3 Nc6 6. Bc2 Be7 7. O-O O-O 8. d4
cxd4 9. cxd4 Nb4 10. Nc3 Nxc2 11. Qxc2 a6 12. Be3 b5 13. e5 dxe5 14. dxe5 Nd5
15. Nxd5 Qxd5 16. Rfd1 Qb7 17. Rac1 h6 18. Bc5 Bxc5 19. Qxc5 Qb8 20. Rd6 Bb7
21. Rb6 Qa7 22. Qc7 Rac8 23. Qxb7 Rxc1+ 24. Kh2 Qxb7 25. Rxb7 Ra8 26. Nd4 Rd1
27. Nf3 Rb1 28. b3 Rb2 29. Kg3 Rxa2 30. Rc7 Rb2 31. Nd4 Rd2 32. Nf3 Rd3 0-1

[Event "Championnat de France - Accession Femini"]
[Site "Belfort - SNPHHUATVS"]
[Date "2010.??.??"]
[Round "4.4"]
[White "Armas, Lara-Maria"]
[Black "Choisy, Mathilde"]
[Result "0-1"]
[WhiteElo "1988"]
[BlackElo "2168"]
[PlyCount "130"]

1. d4 g6 2. Nf3 Bg7 3. e3 Nf6 4. Be2 c5 5. b3 O-O 6. Bb2 cxd4 7. exd4 d5 8. O-O
Nc6 9. Nbd2 Bf5 10. a3 Rc8 11. Rc1 Ne4 12. c3 Bh6 13. Ra1 Qb6 14. Nxe4 Bxe4 15.
Nd2 Bxd2 16. Qxd2 Qxb3 17. f3 Bf5 18. Bd1 Qb6 19. g4 Bd7 20. Rb1 e5 21. Be2
Rfe8 22. Kg2 exd4 23. cxd4 Qd8 24. Rf2 Qf6 25. Bc3 Nd8 26. Bb2 Ne6 27. Ba1 b6
28. Kg3 Ng5 29. h4 Qd6+ 30. Kg2 Ne6 31. Kh1 Qxa3 32. Rh2 Qd6 33. h5 Qf4 34. Qd1
Rc7 35. hxg6 hxg6 36. Bb2 Rec8 37. Ba6 Re8 38. Be2 Rec8 39. Ba6 Rd8 40. Be2 b5
41. Qf1 Qf6 42. Qh3 Qg7 43. Bc1 Rxc1+ 44. Rxc1 Nxd4 45. Rc7 a5 46. Qh4 Ne6 47.
Rc1 Re8 48. Rd1 d4 49. Bd3 Bc6 50. Rf2 Qh7 51. Qxh7+ Kxh7 52. Rb1 b4 53. Kh2
Nf4 54. Bc4 Kg7 55. Kg3 g5 56. Rd1 a4 57. Rxd4 b3 58. Rd6 Rc8 59. Ba6 Rc7 60.
Rb2 Bd5 61. Rd2 a3 62. R6xd5 Nxd5 63. Rxd5 a2 64. Rxg5+ Kf8 65. Ra5 b2 0-1

[Event "Championnat de France - Accession Femini"]
[Site "Belfort - SNPHHUATVS"]
[Date "2010.??.??"]
[Round "4.5"]
[White "Vinckier, Delphine"]
[Black "Rigolot, Lucie"]
[Result "1-0"]
[WhiteElo "1830"]
[BlackElo "1902"]
[PlyCount "57"]

1. e4 c5 2. Nf3 a6 3. c3 d5 4. e5 Nc6 5. d4 Bg4 6. Be3 cxd4 7. cxd4 e6 8. Qb3
Bxf3 9. gxf3 Bb4+ 10. Nc3 Nge7 11. a3 Ba5 12. Bd3 Bb6 13. Ne2 Ng6 14. O-O-O Nh4
15. Rhg1 Nxf3 16. Rxg7 Qc7 17. Bc2 h5 18. Rg3 Nh4 19. Kb1 Ne7 20. Bg5 Nhf5 21.
Bxf5 exf5 22. Rc1 Qd8 23. Qb4 Ba7 24. Qxb7 h4 25. Rgc3 Bb6 26. Bxe7 Rb8 27.
Bxd8 Rxb7 28. Bxb6 Rxb6 29. Rc8+ 1-0

[Event "Championnat de France - Accession Femini"]
[Site "Belfort - SNPHHUATVS"]
[Date "2010.??.??"]
[Round "4.6"]
[White "Bonvalot, Isabelle"]
[Black "Neuhauser, Salome"]
[Result "0-1"]
[WhiteElo "1952"]
[BlackElo "2054"]
[PlyCount "62"]

1. e4 c5 2. Nf3 g6 3. c3 Bg7 4. d4 cxd4 5. cxd4 d5 6. e5 Bg4 7. h3 Bxf3 8. Qxf3
Nc6 9. Bb5 e6 10. Bxc6+ bxc6 11. Nc3 Ne7 12. Bg5 Qb6 13. Bxe7 Kxe7 14. O-O Qxd4
15. Rac1 Rhc8 16. b4 Qxe5 17. Na4 Kf8 18. Nc5 Kg8 19. Rfe1 Qf6 20. Qg3 Qe7 21.
h4 a5 22. a3 axb4 23. axb4 Ra2 24. h5 Qf6 25. Nd7 Qd4 26. b5 Qa7 27. bxc6 Rxf2
28. Kh1 Rf5 29. Qe3 Rxh5+ 30. Kg1 Bd4 31. Nf6+ Kh8 0-1

[Event "Championnat de France - Accession Femini"]
[Site "Belfort - SNPHHUATVS"]
[Date "2010.??.??"]
[Round "5.1"]
[White "Neuhauser, Salome"]
[Black "Gertosio-Serena, Sophie"]
[Result "0-1"]
[WhiteElo "2054"]
[BlackElo "1810"]
[PlyCount "186"]

1. e4 e6 2. d3 d5 3. Qe2 Nf6 4. Nf3 c5 5. g3 Nc6 6. Bg2 Be7 7. e5 Ng4 8. h3 Nh6
9. Bxh6 gxh6 10. c3 Qb6 11. O-O Rg8 12. h4 Bd7 13. a3 O-O-O 14. b4 cxb4 15.
axb4 Rxg3 16. Kh1 Rg7 17. Nbd2 Rdg8 18. Bh3 Kb8 19. Ra2 Bd8 20. Rfa1 Ne7 21.
Nb3 a6 22. Nc5 Bc8 23. Nd4 Nc6 24. Nf3 Ne7 25. b5 Qxc5 26. bxa6 bxa6 27. Qb2+
Kc7 28. d4 Qb5 29. Qc2 Kd7 30. Rb2 Qc6 31. Qd2 Nf5 32. Rc1 Nxh4 33. Qe2 Nxf3
34. Qxf3 Bb7 35. c4 a5 36. Ra1 Ba8 37. c5 Qa6 38. Kh2 Bc6 39. Rab1 a4 40. Rb8
Qc4 41. R8b4 Qc2 42. Re1 Ba5 43. Rg1 Bd8 44. Rb8 Qe4 45. Rxd8+ Rxd8 46. Qxe4
dxe4 47. Rxg7 Ke7 48. Rg3 Rxd4 49. Bf1 Rd5 50. Rc3 Rxe5 51. Be2 Rg5 52. Bd1 Rd5
53. Rc1 a3 54. Ra1 Rd2 55. Bb3 Rxf2+ 56. Kg1 Rf3 57. Rxa3 Kd8 58. Ra6 Rxb3 59.
Rxc6 Rc3 60. Kf2 Kd7 61. Rd6+ Kc7 62. Rd4 Rxc5 63. Rxe4 Kd6 64. Kg3 Rg5+ 65.
Kf3 Kd5 66. Rh4 Rg6 67. Ra4 f5 68. Ra5+ Kd6 69. Ra6+ Ke5 70. Ra7 Kd5 71. Ra5+
Kd6 72. Ra6+ Ke7 73. Ra7+ Kf6 74. Rxh7 Kg5 75. Ra7 h5 76. Ra1 e5 77. Rg1+ Kh6
78. Re1 Re6 79. Kg3 f4+ 80. Kf3 Kg5 81. Ke4 Re8 82. Rg1+ Kf6 83. Rh1 Rh8 84.
Ra1 Re8 85. Rh1 Ra8 86. Rxh5 Ra4+ 87. Kf3 Ke6 88. Rh8 Ra3+ 89. Kf2 Kf5 90. Rb8
Ra2+ 91. Ke1 e4 92. Rg8 e3 93. Rc8 Ke4 0-1